El Decamerón

Wedi'i Gadw mewn:
Manylion Llyfryddiaeth
Prif Awdur: Boccaccio Certaldesco, Giovanni
Fformat: Llyfr
Iaith:Undetermined
Cyhoeddwyd: México, Distrito Federal Editores Mexicanos Unidos 1992
Rhifyn:2
Pynciau:
Tagiau: Ychwanegu Tag
Dim Tagiau, Byddwch y cyntaf i dagio'r cofnod hwn!

MARC

LEADER 00000nam a2200000Ia 4500
008 170316s9999 xx 000 0 und d
999 |c 8115  |d 8115 
040 |a cru BVZT 
090 |a 850 B-3d 
100 |a Boccaccio Certaldesco, Giovanni 
245 |a El Decamerón  |c / Giovanni Boccaccio Certaldesco 
250 |a 2 
260 |a México, Distrito Federal  |b Editores Mexicanos Unidos  |c 1992 
300 |a 547 páginas 
650 |a LITERATURA ITALIANA  |9 212 
942 |c 15 D  |h 850 B-3d  |2 z